Sports Quiz

Random Sports or Soccer Quiz

'G' Player-Club-Country Match - I Quiz Stats

 Plays Quiz not verified by Sporcle

Challenge
Share
Tweet
Score 0/15 Timer 05:00
0 Plays Today
% Correct
Diego Godín
93.5%
Kieran Gibbs
93.1%
Alberto Gilardino
84.3%
Mario Götze
82.5%
Ezequiel Garay
80.2%
Asamoah Gyan
80.2%
Kamil Glik
78.9%
Darron Gibson
76.5%
% Correct
André-Pierre Gignac
73.7%
Julian Green
70%
Rudy Gestede
65%
Denys Garmash
58.5%
Theofanis Gekas
54.8%
Theodor Gebre Selassie
53.9%
Cristian Gamboa
47.5%

You're not logged in!

Compare scores with friends on all Sporcle quizzes.
Join for Free
OR
Log In

You Might Also Like...

Show Comments

Extras

Top Quizzes Today


Score Distribution

Your Account Isn't Verified!

In order to create a playlist on Sporcle, you need to verify the email address you used during registration. Go to your Sporcle Settings to finish the process.

Report this User

Report this user for behavior that violates our Community Guidelines.

Details: